Statistics for World's 500 Largest Urban Areas

Click here to take the quiz!

General Stats

  • This quiz has been taken 1,812 times
    (1,807 since last reset)
  • The average score is 215 of 502

Answer Stats

PopulationCountryCity% Correct
37.750.000 JapanTokyo
99%
23.723.696 United StatesNew York City
97%
30.091.131 IndonesiaJakarta
96%
15.058.000 United StatesLos Angeles
96%
20.063.000 MexicoMexico City
96%
16.170.000 RussiaMoscow
96%
23.480.000 South KoreaSeoul
96%
21.009.000 ChinaBeijing
95%
15.600.000 EgyptCairo
95%
24.998.000 IndiaDelhi
94%
13.287.000 TurkeyIstanbul
94%
10.858.000 FranceParis
94%
11.727.000 BrazilRio de Janeiro
94%
23.416.000 ChinaShanghai
94%
14.998.000 ThailandBangkok
93%
10.236.000 United KingdomLondon
93%
24.123.000 PhilippinesManila
93%
17.712.000 IndiaMumbai
93%
14.122.000 ArgentinaBuenos Aires
92%
4.069.000 GermanyBerlin
91%
9.156.000 United StatesChicago
91%
10.750.000 PeruLima
91%
13.123.000 NigeriaLagos
90%
6.171.000 SpainMadrid
90%
20.365.000 BrazilSão Paulo
90%
17.444.000 JapanOsaka
89%
3.906.000 ItalyRome
89%
13.532.000 IranTehran
89%
4.693.000 SpainBarcelona
88%
8.991.000 ColombiaBogotá
88%
5.764.000 United StatesHouston
88%
8.432.000 South AfricaJohannesburg
88%
5.764.000 United StatesMiami
88%
5.257.000 ItalyMilan
88%
6.456.000 CanadaToronto
88%
4.588.000 AustraliaSydney
87%
7.438.000 TaiwanTaipei
87%
3.812.000 South AfricaCape Town
86%
6.174.000 United StatesDallas
86%
15.669.000 BangladeshDhaka
86%
22.123.000 PakistanKarachi
86%
5.126.000 RussiaSaint Petersburg
86%
5.624.000 SingaporeSingapore
86%
4.538.000 TurkeyAnkara
85%
3.715.000 VietnamHanoi
85%
8.957.000 VietnamHo Chi Minh City
85%
4.530.000 AustraliaMelbourne
85%
5.929.000 United StatesSan Francisco
85%
6.225.000 ChileSantiago
85%
6.625.000 IraqBaghdad
84%
4.478.000 United StatesBoston
84%
3.933.000 United Arab EmiratesDubai
84%
20.597.000 ChinaGuangzhou
84%
1.981.000 GermanyMunich
84%
3.218.000 United StatesSeattle
84%
14.667.000 IndiaKolkata
83%
5.666.000 Saudi ArabiaRiyadh
83%
1.624.000 NetherlandsAmsterdam
82%
3.484.000 GreeceAthens
82%
4.689.000 EgyptAlexandria
81%
2.510.000 PakistanIslamabad
81%
11.587.000Dem. Rep. of the CongoKinshasa
81%
7.088.000 MalaysiaKuala Lumpur
81%
2.666.000 PortugalLisbon
81%
4.127.963 CanadaMontréal
81%
3.706.000 ItalyNaples
81%
5.570.000 United StatesPhiladelphia
81%
2.135.201 CanadaVancouver
81%
5.015.000 United StatesAtlanta
80%
7.246.000 ChinaHong Kong
80%
2.639.000 United KingdomManchester
80%
4.738.000 KenyaNairobi
80%
2.536.000 BrazilBrasília
79%
2.087.000 GermanyHamburg
79%
1.720.000 PolandWarsaw
79%
2.512.000 United KingdomBirmingham
78%
2.861.000 VenezuelaCaracas
78%
2.560.000 SyriaDamascus
78%
3.672.000 United StatesDetroit
78%
1.915.000 GermanyFrankfurt
78%
4.635.000 AfghanistanKabul
78%
4.194.000 United StatesPhoenix
78%
6.679.000 GermanyRuhr Area
78%
3.086.000 United StatesSan Diego
78%
2.089.000 BelgiumBrussels
77%
2.241.000 UkraineKiev
77%
4.283.000 KuwaitKuwait City
77%
10.052.000 PakistanLahore
77%
2.850.000 North KoreaPyongyang
77%
3.211.000 MoroccoCasablanca
76%
2.559.000 United StatesDenver
76%
2.000.000 AustraliaPerth
76%
2.979.000 IsraelTel Aviv
76%
1.710.000 HungaryBudapest
75%
1.474.000 PortugalPorto
75%
1.484.000 SwedenStockholm
75%
2.590.000 AlgeriaAlgiers
74%
1.860.000 RomaniaBucharest
74%
5.899.000 AngolaLuanda
74%
1.170.000 Costa RicaSan José
74%
1.990.000 TunisiaTunis
74%
4.219.000 TanzaniaDar es Salaam
73%
1.720.000 EcuadorQuito
73%
2.660.000 NetherlandsRotterdam
73%
4.145.000 GhanaAccra
72%
1.616.000 United StatesAustin
72%
9.714.000 IndiaBengaluru
72%
1.248.000 DenmarkCopenhagen
72%
3.520.000 SenegalDakar
72%
1.160.000 IrelandDublin
72%
2.130.000 CubaHavana
72%
5.125.000 SudanKhartoum
72%
1.397.000 FranceMarseille
72%
1.763.000 AustriaVienna
72%
7.509.000 ChinaWuhan
72%
2.300.000 AustraliaBrisbane
71%
4.603.000 MexicoGuadalajara
71%
1.907.000 BoliviaLa Paz
71%
1.583.000 FranceLyon
71%
1.976.000 United StatesPortland
71%
1.310.000 Czech RepublicPrague
71%
5.977.000 ChinaXi'an
71%
2.200.000 LebanonBeirut
70%
8.728.906 IndiaChennai
70%
2.191.000 United StatesLas Vegas
70%
2.332.000 HaitiPort-au-Prince
70%
1.845.000 MoroccoRabat
70%
1.976.000 United StatesSan Antonio
70%
2.468.000 JordanAmman
69%
2.661.000 AzerbaijanBaku
69%
2.920.000 PakistanHyderabad
69%
8.754.000 IndiaHyderabad
69%
2.771.000 United StatesMinneapolis
69%
1.910.000 BelarusMinsk
69%
2.040.000 United StatesOrlando
69%
3.376.000 EthiopiaAddis Ababa
68%
1.208.000 FinlandHelsinki
68%
10.177.000 JapanNagoya
68%
1.315.000 SwitzerlandZurich
68%
3.806.000 South KoreaBusan
67%
1.564.000 QatarDoha
67%
1.700.000 UruguayMontevideo
67%
2.927.000 South AfricaPretoria
67%
2.621.000 United StatesTampa
67%
2.180.000 Sri LankaColombo
66%
1.220.000 United KingdomGlasgow
66%
1.647.000 Saudi ArabiaMecca
66%
2.120.000 SomaliaMogadishu
66%
2.440.000 NigeriaAbuja
65%
1.356.000 New ZealandAuckland
65%
1.783.000 United StatesCleveland
65%
1.617.000 United StatesIndianapolis
65%
1.154.000United StatesJacksonville
65%
1.081.000 United StatesNashville
65%
1.498.000 PanamaPanama City
65%
2.925.000 Dominican RepublicSanto Domingo
65%
2.186.000 United StatesSt. Louis
65%
10.920.000 ChinaTianjin
65%
4.517.000 BrazilBelo Horizonte
64%
3.677.000 Saudi ArabiaJeddah
64%
3.568.000 ColombiaMedellín
64%
2.827.000 ParaguayAsunción
63%
10.376.000 ChinaChengdu
63%
2.104.000 GermanyCologne
63%
1.195.000 BulgariaSofia
63%
1.521.000 ItalyTurin
63%
3.560.000 SyriaAleppo
62%
2.263.000 United StatesBaltimore
62%
1.535.000 United StatesCharlotte
62%
3.421.000 South AfricaDurban
62%
1.289.000 GuatemalaGuatemala City
62%
1.102.000 United StatesMemphis
62%
1.561.000 SpainValencia
62%
1.477.000 VenezuelaValencia
62%
1.140.000 AustraliaAdelaide
61%
2.398.000 MadagascarAntananarivo
61%
2.203.000 ZimbabweHarare
61%
1.593.000 United StatesKansas City
61%
2.980.000 YemenSana'a
61%
2.139.000 Puerto RicoSan Juan
61%
1.180.000 SerbiaBelgrade
60%
3.112.000 Turkeyİzmir
60%
4.083.000 MexicoMonterrey
60%
1.730.000 United StatesPittsburgh
60%
1.110.000 LibyaTripoli
60%
7.186.000 IndiaAhmedabad
59%
2.250.000 UzbekistanTashkent
59%
4.889.000 United StatesWashington, D.C.
59%
4.800.000 MyanmarYangon
59%
4.800.000 Ivory CoastAbidjan
58%
1.682.000 United StatesCincinnati
58%
1.095.404 CanadaCalgary
57%
1.481.000 United StatesColumbus
57%
1.930.000 UgandaKampala
57%
2.570.000 JapanSapporo
57%
4.420.000 ChinaXiamen
57%
1.850.000Rep. of the CongoBrazzaville
56%
1.100.000 El SalvadorSan Salvador
56%
7.217.000 ChinaChongqing
55%
1.377.000 JapanHiroshima
55%
2.190.000 ZambiaLusaka
55%
1.885.000 United StatesSacramento
55%
3.060.000 CameroonYaoundé
55%
1.274.000 ArmeniaYerevan
55%
2.500.000 MaliBamako
54%
2.615.000 MozambiqueMaputo
54%
3.347.000 BrazilRecife
54%
12.084.000 ChinaShenzhen
54%
1.008.000 BelgiumAntwerp
53%
1.000.000 Sierra LeoneFreetown
53%
1.893.000 BrazilManaus
53%
1.408.000 United StatesMilwaukee
53%
6.155.000 ChinaNanjing
53%
1.379.000 GermanyStuttgart
53%
2.357.000 ColombiaCali
52%
1.180.000NepalKathmandu
52%
3.190.000 BrazilSalvador
52%
1.193.000 MoroccoFes
51%
5.631.000 IndiaPune
51%
9.115.485 IndonesiaSurabaya
51%
4.815.000 ChinaHarbin
50%
3.550.000 NigeriaKano
50%
1.729.000 CambodiaPhnom Penh
50%
1.089.000 United StatesSalt Lake City
50%
1.968.000 MexicoTijuana
50%
3.176.000 BangladeshChittagong
49%
1.941.000 TogoLomé
49%
1.340.000 BahrainManama
49%
1.233.000 Saudi ArabiaMedina
49%
2.700.000 Burkina FasoOuagadougou
49%
1.125.000 GeorgiaTbilisi
49%
1.107.000 SpainSeville
48%
1.500.000 KazakhstanAlmaty
47%
1.173.000 MoroccoMarrakesh
47%
1.100.000 LiberiaMonrovia
47%
1.930.000 GuineaConakry
46%
3.401.000 BrazilFortaleza
46%
7.275.000 ChinaHangzhou
46%
3.409.000 IndiaJaipur
46%
1.010.000 UkraineOdessa
46%
3.413.000 BrazilPorto Alegre
46%
1.085.000 United StatesRaleigh
46%
3.184.000 ChinaÜrümqi
46%
5.695.000 IndonesiaBandung
45%
1.440.000 UkraineKharkiv
45%
1.121.000 RwandaKigali
45%
1.025.000 United StatesLouisville
45%
1.120.000 HondurasTegucigalpa
44%
2.700.000 EcuadorGuayaquil
43%
1.260.000 ChadN'Djamena
43%
1.938.000 IndiaAgra
42%
2.525.000 JapanFukuoka
42%
1.585.000 ArgentinaCórdoba
41%
1.275.532 RussiaNizhny Novgorod
41%
1.212.000 South AfricaPort Elizabeth
41%
1.016.137 RussiaVolgograd
41%
1.477.350 RussiaYekaterinburg
41%
1.979.000 BrazilBelém
40%
1.116.000 KenyaMombasa
40%
1.090.000 NigerNiamey
40%
5.816.000 ChinaQingdao
40%
1.018.000 United StatesRichmond
39%
5.447.000 IndiaSurat
39%
1.463.000 United StatesVirginia Beach
39%
1.675.000 IraqMosul
38%
1.070.000 TurkeyAntalya
37%
2.535.000 PhilippinesCebu City
37%
4.183.000 ChinaDalian
37%
2.940.000 CameroonDouala
37%
1.018.000 FranceLille
37%
3.184.000 IndiaLucknow
37%
1.584.138 RussiaNovosibirsk
37%
6.078.000 ChinaShenyang
37%
3.102.000 BrazilCuritiba
36%
1.052.000 ChinaFuzhou
36%
3.962.000 ChinaFuzhou
36%
2.088.000 MexicoPuebla
36%
1.000.000 IraqBasra
35%
2.392.000 IranIsfahan
35%
2.190.000 PolandKatowice
35%
1.216.965 RussiaKazan
35%
2.382.000 South KoreaDaegu
34%
3.160.000 NigeriaIbadan
34%
1.338.000 ArgentinaRosario
34%
3.657.000 ChinaChangsha
33%
2.037.000 VenezuelaMaracaibo
33%
3.294.000 IranMashhad
33%
3.942.000 IndonesiaMedan
33%
1.748.000 ColombiaBarranquilla
32%
3.560.000 PakistanFaisalabad
32%
2.292.400 MalaysiaGeorge Town
32%
3.665.000 ChinaHefei
32%
3.649.000 ChinaKunming
32%
2.110.000 BoliviaSanta Cruz
32%
4.942.000 ChinaZhengzhou
32%
1.041.884 RussiaPerm
31%
1.178.100 RussiaOmsk
30%
1.121.429 RussiaUfa
30%
1.160.000MyanmarMandalay
29%
1.170.910 RussiaSamara
29%
1.839.000 TurkeyBursa
28%
2.668.000 IndiaNagpur
28%
2.590.000 ChinaNanning
28%
2.340.000 NigeriaPort Harcourt
28%
1.873.000 IranShiraz
28%
3.169.000 ChinaWenzhou
28%
2.419.000 ChinaShantou
27%
1.630.000 PhilippinesDavao City
26%
2.000.000Dem. Rep. of the CongoLubumbashi
26%
2.500.000 GhanaKumasi
25%
1.490.000 NigeriaBenin City
24%
1.192.036 RussiaChelyabinsk
24%
2.599.000 TaiwanKaohsiung
24%
1.469.000 MexicoLeón
24%
1.064.000 BrazilNatal
24%
1.030.000 MyanmarNaypyidaw
24%
1.277.000 JapanSendai
24%
5.246.000 ChinaSuzhou
24%
2.645.000 BrazilCampinas
23%
1.175.000 IndonesiaDenpasar
23%
2.405.000 IndiaIndore
23%
3.037.000 IndiaKanpur
23%
1.111.000 MexicoMérida
23%
3.753.000 ChinaNingbo
23%
1.201.000 United StatesProvidence
23%
1.101.000 IranQom
23%
1.693.000 IranTabriz
23%
1.237.000 MongoliaUlan Bator
23%
1.830.000 TurkeyAdana
22%
1.019.000 Saudi ArabiaDammam
22%
1.150.000 IraqErbil
22%
1.394.000 TurkeyGaziantep
22%
3.789.000 ChinaJinan
22%
2.075.000 IndiaBhopal
21%
3.368.000 ChinaChangchun
21%
1.640.000 SyriaHoms
21%
2.117.000 BrazilGoiânia
20%
2.703.000 ChinaLanzhou
20%
2.200.000 IndiaPatna
20%
1.171.000 BrazilSão Luís
20%
3.597.000 ChinaWuxi
20%
1.391.000 MexicoCiudad Juárez
19%
8.442.000 ChinaDongguan
19%
1.730.000 PakistanPeshawar
19%
1.484.000 IndonesiaMakassar
18%
3.702.000 ChinaTaiyuan
18%
1.536.000 IndiaVaranasi
18%
1.900.000 PakistanMultan
17%
1.434.000 IndonesiaPalembang
17%
1.100.000 PakistanQuetta
17%
3.367.000 ChinaShijiazhuang
17%
2.935.000 TaiwanTaichung
17%
1.601.000 South KoreaGwangju
16%
2.374.000 IndiaKochi
16%
1.190.000 TurkeyKonya
16%
1.653.000 BrazilSantos
16%
1.878.000 MexicoToluca
16%
1.032.382 RussiaVoronezh
16%
1.646.000 ChinaZibo
16%
1.238.000 BoliviaCochabamba
15%
1.067.861 RussiaKrasnoyarsk
15%
2.000.000Dem. Rep. of the CongoMbuji-Mayi
15%
1.119.875 RussiaRostov-on-Don
15%
2.481.000 IndiaCoimbatore
14%
1.266.000 IndiaJodhpur
14%
1.216.000 TaiwanTainan
14%
1.831.000 IndonesiaYogyakarta
14%
1.264.000 IndiaAmritsar
13%
2.955.000 ChinaGuiyang
13%
1.633.000 ChinaJilin
13%
2.637.000 ChinaNanchang
13%
2.120.000 PakistanGujranwala
12%
1.981.000 ChinaHaikou
12%
2.219.000 ChinaHohhot
12%
1.018.000 MexicoMexicali
12%
2.378.000 ChinaTangshan
12%
1.910.000 IndiaVisakhapatnam
12%
1.516.000 ChinaAnshan
11%
3.425.000 ChinaChangzhou
11%
1.564.000 South KoreaDaejeon
11%
1.235.000 IndiaDurg-Bhilai
11%
1.230.000 SyriaHama
11%
1.000.000Dem. Rep. of the CongoKisangani
11%
1.980.000 JapanKitakyūshū
11%
1.582.000 IndiaMadurai
11%
1.007.000 JapanNaha
11%
1.568.000 IndiaRajkot
11%
1.137.000 MexicoSan Luis Potosí
11%
1.630.000 IndonesiaSemarang
11%
1.585.000 ChinaTaizhou
11%
1.520.000 ChinaYantai
11%
1.294.000 IndiaAllahabad
10%
6.710.000 ChinaQuanzhou
10%
1.172.000 BrazilVitória
10%
1.595.000 ChinaWeifang
10%
1.301.000 ChinaXuzhou
10%
1.020.000 MexicoAguascalientes
9%
1.297.000 ChinaBaoding
9%
1.124.000 IndiaChandigarh
9%
1.688.000 MalaysiaJohor Bahru
9%
1.138.000 IndiaKota
9%
1.939.000 ChinaLuoyang
9%
1.135.000 VenezuelaMaracay
9%
1.078.000 IndiaMysore
9%
1.184.000 ChinaNantong
9%
1.963.000 IndiaVadodara
9%
2.159.000 ChinaBaotou
8%
1.029.000 ColombiaBucaramanga
8%
1.490.000 ChinaCixi
8%
1.709.000 ChinaDatong
8%
1.763.000 ChinaHuizhou
8%
1.052.000 BrazilJoão Pessoa
8%
1.020.000 NigeriaKaduna
8%
1.150.000Dem. Rep. of the CongoKananga
8%
2.465.000 ChinaLinyi
8%
1.749.000 IndiaNashik
8%
1.100.000 NigeriaOnitsha
8%
1.249.000 MexicoQuerétaro
8%
1.409.000 IndiaSrinagar
8%
1.327.000 MexicoTorreón
8%
1.315.000 IranAhvaz
7%
1.187.000 JapanHamamatsu
7%
1.000.000 BangladeshKhulna
7%
1.714.000 IndiaLudhiana
7%
1.241.000 ChinaQiqihar
7%
1.318.000 IndonesiaSurakarta
7%
1.410.000 ChinaZhangzhou
7%
1.547.000 ChinaZhuhai
7%
1.142.000IndonesiaBatam
6%
1.114.000 IndonesiaMalang
6%
1.329.000 IndiaRaipur
6%
1.246.000 IndiaRanchi
6%
1.456.000 ChinaWuhu
6%
1.345.000 ChinaXining
6%
1.561.000 ChinaYangzhou
6%
1.614.000 ChinaYinchuan
6%
1.042.000 ChinaZhanjiang
6%
1.324.000 IndiaAurangabad
5%
1.208.000 IndiaGwalior
5%
2.000.000 ChinaHandan
5%
2.282.000 ChinaHuai'an
5%
1.443.000 IndiaJamshedpur
5%
2.394.000 IndiaKozhikode
5%
1.574.000 ChinaLiuzhou
5%
1.541.000 IndiaMeerut
5%
1.100.000 IndonesiaPekanbaru
5%
1.468.000 ChinaPutian
5%
1.715.000 IndiaVijayawada
5%
1.183.000 ChinaXiangyang
5%
1.156.000ChinaZhangjiakou
5%
3.031.000 ChinaZhongshan
5%
1.020.000 IndiaAligarh
4%
1.401.000 ChinaAnyang
4%
1.315.000 IndiaAsansol
4%
1.094.000 IndiaBareilly
4%
1.230.000 ChinaChifeng
4%
1.579.000 PhilippinesGeneral Santos
4%
1.039.000 IndiaGuwahati
4%
1.142.000 ChinaHuainan
4%
1.260.000 AngolaHuambo
4%
1.021.000 ChinaHuzhou
4%
1.339.000 IndiaJabalpur
4%
1.041.000 ChinaQinhuangdao
4%
1.074.000 PakistanSialkot
4%
1.921.000 IndiaThiruvananthapuram
4%
1.208.000 ChinaWeihai
4%
1.039.000 ChinaYichang
4%
1.704.000 ChinaYiwu
4%
1.025.000 NigeriaZaria
4%
1.143.000 IndonesiaCirebon
3%
1.258.000 IndiaDhanbad
3%
1.324.000 ChinaFushun
3%
1.116.000 ChinaHuaibei
3%
3.056.000 ChinaJiangyin
3%
1.128.000 ChinaLianyungang
3%
1.004.000 IndiaMoradabad
3%
2.350.000 ChinaShaoxing
3%
1.177.000 IndiaTiruppur
3%
1.007.000 ChinaZhuzhou
3%
1.090.000 PakistanBahawalpur
2%
1.344.000 ChinaChangshu
2%
2.391.000 ChinaChaoyang
2%
1.206.000 ChinaDongying
2%
1.399.000 ChinaJiangmen
2%
1.192.000 ChinaJiaxing
2%
2.047.000 IndiaKannur
2%
1.351.000 IndiaKollam
2%
1.815.000 ChinaKunshan
2%
1.893.000 PakistanSargodha
2%
1.000.000 IraqSulaymaniyah
2%
1.101.000 ChinaTengzhou
2%
2.236.000 IndiaThrissur
2%
1.007.000 ChinaXiangtan
2%
1.080.000 IndiaHubballi
1%
1.089.000 ChinaJiamusi
1%
2.841.000 IndiaKalyan
1%
2.108.000 IndiaMalappuram
1%
1.043.000 ChinaPuning
1%
1.134.000 ChinaRui'an
1%
1.179.000 IndiaVasai-Virar
1%
1.250.000 ChinaWenling
1%
1.041.000 ChinaZhucheng
1%

Score Distribution

Percentile by Number Answered

Percent of People with Each Score

Your Score History

You have not taken this quiz since the last reset